000 00539nam a2200217Ia 4500
003 OSt
005 20221005125816.0
006 a|||||r|||| 00| 0
007 ta
008 221004b |||||||| |||| 00| 0 eng d
024 _a115571
037 _cTextual
040 _aCRL
_cCRL
_beng
041 _2eng
_aeng
100 _aSingh Urmila
_9637146
245 0 _aPrasad ki Kavya chetna aur unka jivan darshan
260 _c1987
650 _aHINDI LITERATURE
_923866
942 _cTEXL
_2cc
999 _c1055125
_d1055125